00702nam a2200193Ia 4500008004100000020001800041082001600059100004000075245005100115250000800166260005000174300003000224500001900254600002700273650005000300942000700350952013400357999001700491240925s9999 xx 000 0 und d a9789332585744 a001.422 LEV aLevine, David M.; Stephan, David F. 0aStatistics for Managers: using microsoft excel a8th aUttar Pradesh:bPearson Education Incc,2017. axxiii, 836p.b0fOriginal aIncludes Index aEngineering Technology aComputer science, information & general works cBK 001040708ETaUITUbUITUd2019-01-20eAllied Book Companyg1774.20l0o001.422 LEVpQ14135r2024-09-25 07:17:11w2024-09-25yBK c16634d16634